| 000 | 00719nam a2200229 i 4500 | ||
|---|---|---|---|
| 001 | 19046 | ||
| 003 | ES-MaACL | ||
| 005 | 20250813063258.0 | ||
| 007 | t| | ||
| 008 | 020529s2001 sp ||||1| spa d | ||
| 020 | _a84-607-2020-9 | ||
| 080 | _a821.134.2-14"19" | ||
| 100 | 1 |
_aCurrás, Emilia, _d1927-2020 _942228 |
|
| 245 | 1 | 0 |
_aFugitiva del tiempo / _cEmilia Currás ; dibujos originales de Violeta Naranja ; diseño ... por Johann Enrique Trujillo. |
| 250 | _a1ª ed. | ||
| 260 |
_aMadrid : _bVigía, _c2001. |
||
| 300 |
_a44 p. : _bil. ; _c22 cm. |
||
| 700 | 1 |
_aNaranjo, Violeta. _984924 |
|
| 700 | 1 |
_aTrujillo, Johann Enrique. _9111566 |
|
| 852 |
_aES-MaACL _j2167-F-22 |
||
| 999 |
_c19046 _d19046 |
||